| 000 | 00429nam a2200157Ia 4500 | ||
|---|---|---|---|
| 008 | 230312s9999||||xx |||||||||||||| ||und|| | ||
| 020 | _a0-8036-1946-3 | ||
| 082 |
_a616.7075 _bMCK-F |
||
| 100 | _aMcKinnis;Lynn.N | ||
| 245 | 0 | _aFundamentals of Musculoskeletal Imaging | |
| 260 |
_bF.A.Davis Company _aUSA _c3 |
||
| 300 | _a622 | ||
| 546 | _aEng. | ||
| 650 |
_aPhysiotherapy _vFundamentals of Musculoskeletal Imaging |
||
| 942 | _cBK | ||
| 999 |
_c9083 _d9083 |
||